000 00690nam a2200241 a 4500
999 _c4978
_d4978
003 BD-JhCC
005 20171207192212.0
008 171206s19511971ii a|||| || | 001 0 eng d
035 _a(BD-JhCC)
040 _aBD-JhCC
_dBD-JhCC
041 _aeng
082 _a954
_bMAJ 1971
245 _aThe Vedic Age :
_bThe history and culture of the Indian people /
_cR. C. Majumdar (General Editor)
260 _aBombay :
_bBharatiya Vidya Bhavan,
_c1971
300 _a572 p. :
_c25 cm.
650 _aIndia
650 _aHindu Civilization
_zIndia
700 _aMajumdar, R. C. (General Editor)
700 _aPusalker. A. D.
700 _aMajumdar A. K.
942 _2ddc
_cBK